Indicadores agregados de actividad económica para Argentina (Registro nro. 15039)
[ vista simple ]
| 000 -LEADER | |
|---|---|
| fixed length control field | 00433 a2200145 4500 |
| 001 - CONTROL NUMBER | |
| control field | ART_7040 |
| 005 - DATE AND TIME OF LATEST TRANSACTION | |
| control field | 20260410161659.0 |
| 008 - FIXED-LENGTH DATA ELEMENTS--GENERAL INFORMATION | |
| fixed length control field | 260409a |
| 100 1# - MAIN ENTRY--PERSONAL NAME | |
| Personal name | Elosegui, Pedro |
| 245 10 - TITLE STATEMENT | |
| Title | Indicadores agregados de actividad económica para Argentina |
| 700 1# - ADDED ENTRY--PERSONAL NAME | |
| Personal name | Garegnani, Lorena |
| 700 1# - ADDED ENTRY--PERSONAL NAME | |
| Personal name | Lanteri, Luis |
| 700 1# - ADDED ENTRY--PERSONAL NAME | |
| Personal name | Blanco, Emilio |
| 773 0# - HOST ITEM ENTRY | |
| Title | Ensayos Económicos |
| Related parts | - Nº 51 (abr./sep. 2008) |
| Record control number | REV620 |
No hay ítems disponibles.